| 000 | 00426nam a2200157Ia 4500 | ||
|---|---|---|---|
| 005 | 20250319112007.0 | ||
| 008 | 231217s9999 xx 000 0 und d | ||
| 020 | _a9788131416655 | ||
| 082 | _a658 MUT.1;1 R | ||
| 100 | _aMuthukumar, R ed. | ||
| 245 | 0 | _aCase studies on marketing new vistas V.1 | |
| 260 |
_c2008 _bIcfai Books _aHyderabad |
||
| 300 | _aiii, 258 | ||
| 650 | _astudies,marketing,vistas,V.1 | ||
| 942 | _cAA | ||
| 999 |
_c184258 _d184258 |
||